000 00606nam a2200157 4500
001 112243
003 ES-MaACL
007 t|
008 061121s1952 sp r ||||1| spa d
100 1 _aMuñoz Casillas, Juan.
_984372
245 1 3 _aLa evolución económica /
_cJuan Casillas Muñoz.
260 _aMadrid :
_bIberoaméricana,
_c1952.
300 _a4 v. ;
_c23 cm.
505 8 _aContiene: Vol. 1 . La capitalización, 123 p. Vol. II. La producción , 108 p. Vol. III. La empresa, 147 p. Vol. IV. Los medios de acción del Estado y la colaboración de la sociedad, 166 p.
852 _aES-MaACL
_jE-4130-33
999 _c112243
_d112243